banner-ar

MARC BLOCH : L'HISTORIEN ET LA CITE / (Record no. 16169)

MARC details
000 -الفاتح
حقل البيانات ثابتة الطول 00566nam a2200205Ia 4500
008 - عناصر البيانات ثابتة الطول - معلومات عامة
حقل البيانات ثابتة الطول 140319s9999 xx 000 0 eng d
040 ## - مصدر الفهرسة
وكالة الفهرسة الأصلية GCL /
وكالة النسخ GCL
082 04 - رقم تصنيف ديوى العشرى
رقم التصنيف 920.71
رقم المادة D M
100 1# - المدخل الرئيسى - إسم شخصى
الإسم الشخصى DEYON , PIERRE
245 10 - بيان العنوان
العنوان MARC BLOCH : L'HISTORIEN ET LA CITE /
بيان المسئوليه,etc DEYON , PIERRE
700 1# - المدخل الاضافى - اسم شخصى
الإسم الشخصى RICHEZ , JEAN - CLAUDE
260 ## - PUBLICATION, DISTRIBUTION, ETC. (IMPRINT)
تاريخ النشر أو التوزيع 1997
300 ## - الوصف المادى
التعداد 220 P
650 04 - المدخل الاضافى بالموضوع-مصطلح موضوعى
مصطلح موضوعي BIOGRAPHIES
650 04 - المدخل الاضافى بالموضوع-مصطلح موضوعى
مصطلح موضوعي MEN - BIOGRAPHIES
650 04 - المدخل الاضافى بالموضوع-مصطلح موضوعى
مصطلح موضوعي BOLCH , MARC
650 04 - المدخل الاضافى بالموضوع-مصطلح موضوعى
مصطلح موضوعي SCIENTISTS - HUMMANISM
942 ## - عناصر المدخل الإضافي( كوها)
مصدر التصنيف او مخطط الترفيف Dewey Decimal Classification
Koha [default] item type كتاب
260 ## - PUBLICATION, DISTRIBUTION, ETC. (IMPRINT)
-- [S.N] :
-- PRESSES UNIVERSITAIRES DE FRANCE ،
Holdings
حالة التراجع حالة الفقد حالة تلف ليس للاعارة المكان المؤقت الموقع الحالى تاريخ الاكتساب اجمالي اﻻعارات رقم الطلب الباركود تاريخ اخر مشاهدة تاريخ تفعيل السعر نوع وعاء كوها
        مكتبة القاهرة الكبرى مكتبة القاهرة الكبرى 03/26/2014   920.71\D M 29545 03/26/2014 03/26/2014 كتاب

Powered By

EGPV